| 000 | 01278cam a2200205 4500 | ||
|---|---|---|---|
| 001 | WB3931-22 | ||
| 008 | 030821n2003 000 0 eng u | ||
| 035 | _a(Sirsi) u123324 | ||
| 245 | _aRICS PI minimum policy wording changes | ||
| 260 | _c2003 | ||
| 490 |
_aRICS Feature _v20 August 2003 (2) |
||
| 520 | _aSummarises the changes made to the RICS PI minimum policy wording as at 1 July 2003. The changes follow on a 12-month review, in conjunction with the insurance market, of the cover provided. RICS has worked to ensure that the minimum cover remains sufficiently comprehensive. The wording remains on a civil liability basis and provides cover for each and every claim, subject to policy terms and conditions. A specific coverage relating to asbestos claims has been negotiated with insurers. The full policy wording is available at http://www.rics.org/downloads/2003_insurance_policy_terms.pdf http://www.rics.org/ricscms/bin/show?class=Feature&template=/includes/showfeature.html&id=714&faculty=RICS | ||
| 590 | _aWB | ||
| 650 | _aPROFESSIONAL INDEMNITY INSURANCE | ||
| 650 | _aMANAGEMENT-HEALTH AND SAFETY-HAZARDOUS SUBSTANCES-ASBESTOS | ||
| 650 | _aCIVIL LIABILITY | ||
| 650 | _aPROFESSIONAL INDEMNITY INSURANCE | ||
| 690 |
_aINSURANCE _96249 |
||
| 942 | _n0 | ||
| 999 |
_c73260 _d73260 |
||